[Event "Ostravsky konik 2010 MCR Open"]
[Site "Ostrava"]
[Date "2010.05.03"]
[Round "3.5"]
[White "Simacek, Pavel"]
[Black "Studnicka, Tomas"]
[Result "1-0"]
[WhiteElo "2518"]
[BlackElo "2332"]
[Annotator "www.nss.cz"]
[PlyCount "71"]
[EventDate "2010.05.09"]
[EventType "swiss"]
[EventCountry "CZE"]

1. e4 c5 2. Nf3 Nc6 3. d4 cxd4 4. Nxd4 g6 5. Nc3 Bg7 6. Be3 Nf6 7. Bc4 O-O 8.
Bb3 d6 9. f3 Bd7 10. Qd2 Na5 11. O-O-O Rb8 12. Kb1 b5 13. Nd5 Nxd5 14. Bxd5 Nc4
15. Bxc4 bxc4 16. h4 Qc7 17. c3 Rb6 18. Ne2 Ra6 19. Bd4 Bxd4 20. cxd4 Rb8 21.
Qc3 d5 22. Rd2 Qc6 23. Qe3 f5 24. h5 fxe4 25. fxe4 Bg4 26. Nc3 dxe4 27. Qf4 Qc8
28. Nd5 Rb7 29. Rf2 Qf5 30. hxg6 hxg6 31. Qh6 Qxf2 32. Qh8+ Kf7 33. Rh7+ Ke6
34. Qe5+ Kd7 35. Qxe7+ Kc6 36. Qc5# 1-0

[Event "Ostravsky konik 2010 MCR Open"]
[Site "Ostrava"]
[Date "2010.05.03"]
[Round "3.6"]
[White "Ramik, Zdenek"]
[Black "Kanovsky, David"]
[Result "0-1"]
[WhiteElo "2267"]
[BlackElo "2489"]
[Annotator "www.nss.cz"]
[PlyCount "78"]
[EventDate "2010.05.09"]
[EventType "swiss"]
[EventCountry "CZE"]

1. e4 c5 2. Nc3 Nc6 3. g3 g6 4. Bg2 Bg7 5. d3 e6 6. Be3 d6 7. Qd2 Nd4 8. Nd1
Ne7 9. c3 Ndc6 10. Nf3 b6 11. Bh6 O-O 12. Bxg7 Kxg7 13. O-O Ba6 14. Ne1 d5 15.
f4 dxe4 16. Bxe4 Qd6 17. Nf2 Rad8 18. Rd1 f5 19. Bg2 e5 20. fxe5 Nxe5 21. Qf4
Nd5 22. Qa4 b5 23. Qh4 Ne3 24. d4 cxd4 25. Rxd4 Qc7 26. Nh3 Rxd4 27. cxd4 Nf7
28. Nf3 Nxf1 29. Bxf1 Qc1 30. Qe7 b4 31. Ne1 Bxf1 32. Kxf1 Qc4+ 33. Kg2 Qc6+
34. Nf3 Re8 35. Qxa7 Re2+ 36. Nf2 Rxb2 37. h4 Qd5 38. Qa6 Rxa2 39. Qd3 Nd6 0-1

[Event "Ostravsky konik 2010 MCR Open"]
[Site "Ostrava"]
[Date "2010.05.03"]
[Round "3.7"]
[White "Stocek, Jiri"]
[Black "Seidl, Stepan"]
[Result "1-0"]
[WhiteElo "2593"]
[BlackElo "2052"]
[Annotator "www.nss.cz"]
[PlyCount "141"]
[EventDate "2010.05.09"]
[EventType "swiss"]
[EventCountry "CZE"]

1. d4 Nf6 2. Nf3 g6 3. c4 Bg7 4. Nc3 d5 5. Bf4 O-O 6. Rc1 c6 7. e3 Bg4 8. h3
Bxf3 9. Qxf3 e6 10. Bd3 dxc4 11. Bxc4 Nd5 12. Bg3 Nd7 13. O-O N7f6 14. Rfd1 Rc8
15. Bb3 Nxc3 16. bxc3 Nh5 17. Bh2 Qf6 18. Qe2 Qg5 19. Rb1 Rfd8 20. Bc2 Rd7 21.
Be4 Nf6 22. Bf3 Nd5 23. Rb3 Rcd8 24. c4 Nb6 25. c5 Nd5 26. Bd6 Bf8 27. Bg3 h5
28. h4 Qe7 29. e4 Nf6 30. Bd6 Qe8 31. e5 Nd5 32. Bxd5 exd5 33. Bxf8 Kxf8 34.
Rf3 Re7 35. Qd2 Kg7 36. Rb1 Rdd7 37. Rbb3 Re6 38. Rf4 Qd8 39. Rbf3 b6 40. cxb6
axb6 41. Rf6 Qe8 42. Rxe6 fxe6 43. Qb4 Qe7 44. Qb1 Qxh4 45. Qxb6 Rf7 46. Rxf7+
Kxf7 47. Qxc6 Qg4 48. Qc3 Kg8 49. Qd3 h4 50. a4 Qg5 51. Qe3 Qg4 52. Kh2 h3 53.
gxh3 Qd1 54. a5 Qa1 55. Qd3 Kh7 56. a6 Qa4 57. Kg2 Kg7 58. h4 Qa1 59. Kh2 Qa4
60. Kg3 Qa1 61. Kg2 Qa4 62. Qc3 Qxa6 63. Qc7+ Kh6 64. Qd8 Kh7 65. Qe7+ Kh6 66.
Qf8+ Kh7 67. Qf7+ Kh6 68. Qg8 Kh5 69. Qh8+ Kg4 70. f3+ Kf4 71. Qh6+ 1-0

[Event "Ostravsky konik 2010 MCR Open"]
[Site "Ostrava"]
[Date "2010.05.03"]
[Round "3.8"]
[White "Bures, Jaroslav"]
[Black "Hracek, Zbynek"]
[Result "1/2-1/2"]
[WhiteElo "2327"]
[BlackElo "2632"]
[Annotator "www.nss.cz"]
[PlyCount "107"]
[EventDate "2010.05.09"]
[EventType "swiss"]
[EventCountry "CZE"]

1. e4 c5 2. Nf3 d6 3. d4 cxd4 4. Nxd4 Nf6 5. Nc3 a6 6. Be3 e5 7. Nb3 Be7 8. Be2
Be6 9. O-O Nbd7 10. a4 Rc8 11. f3 Nb6 12. a5 Nc4 13. Bxc4 Rxc4 14. Nd5 Bxd5 15.
exd5 O-O 16. Nd2 Rc8 17. c4 Nh5 18. Bb6 Qd7 19. Qa4 Qxa4 20. Rxa4 f5 21. Be3
Nf6 22. h3 h5 23. Raa1 Kf7 24. f4 e4 25. b4 h4 26. Rac1 Rc7 27. Bb6 Rd7 28. Nb3
Nh5 29. Nd4 Ng3 30. Rf2 Bd8 31. Ne6 Bxb6 32. axb6 Re8 33. Rc3 Nh5 34. Rf1 Ng3
35. Re1 Nh5 36. Kf2 Rxe6 37. dxe6+ Kxe6 38. Ke3 g5 39. fxg5 Ke5 40. Rd1 Nf4 41.
Kf2 Rg7 42. c5 d5 43. c6 bxc6 44. Rxc6 d4 45. Rc7 Rxg5 46. b7 Rxg2+ 47. Kf1 e3
48. Re7+ Kf6 49. b8=Q Rf2+ 50. Kg1 Ne2+ 51. Kh1 Ng3+ 52. Kg1 Ne2+ 53. Kh1 Ng3+
54. Kg1 1/2-1/2

[Event "Ostravsky konik 2010 MCR Open"]
[Site "Ostrava"]
[Date "2010.05.03"]
[Round "3.9"]
[White "Talla, Vladimir"]
[Black "Mudrak, Josef"]
[Result "0-1"]
[WhiteElo "2505"]
[BlackElo "2368"]
[Annotator "www.nss.cz"]
[PlyCount "115"]
[EventDate "2010.05.09"]
[EventType "swiss"]
[EventCountry "CZE"]

1. e4 d6 2. d4 Nf6 3. Nc3 g6 4. f4 Bg7 5. Nf3 O-O 6. Bd3 c5 7. dxc5 dxc5 8. e5
Nd5 9. Nxd5 Qxd5 10. c4 Qc6 11. Qc2 Bg4 12. O-O Qc8 13. Be3 Nc6 14. a3 b6 15.
Nh4 e6 16. Be4 Bf5 17. Nxf5 gxf5 18. Bf3 Qc7 19. Qa4 Rac8 20. Qxc6 Qxc6 21.
Bxc6 Rxc6 22. Rad1 f6 23. exf6 Bxf6 24. b3 Rc7 25. Rd6 Kf7 26. Re1 Rd8 27. Rxd8
Bxd8 28. Rd1 Bf6 29. Kf2 Ke7 30. Kf3 Rd7 31. Rxd7+ Kxd7 32. g4 Bb2 33. a4 a5
34. g5 Ke8 35. h4 h5 36. gxh6 Kf7 37. h5 Kg8 38. Ke2 Bf6 39. b4 axb4 40. a5
bxa5 41. Bxc5 b3 42. Kd2 e5 43. Bb6 b2 44. Kc2 exf4 45. Bf2 Kh7 46. c5 Kxh6 47.
c6 Be5 48. Bd4 Bc7 49. Bxb2 Kxh5 50. Kd3 Kg4 51. Ke2 f3+ 52. Kf1 Kf4 53. Ba3
Ke4 54. Be7 a4 55. Bb4 Kd5 56. Kf2 Kxc6 57. Kxf3 Be5 58. Ke3 0-1

[Event "Ostravsky konik 2010 MCR Open"]
[Site "Ostrava"]
[Date "2010.05.03"]
[Round "3.12"]
[White "Konopka, Michal"]
[Black "Freisler, Pavel"]
[Result "1-0"]
[WhiteElo "2458"]
[BlackElo "2328"]
[Annotator "www.nss.cz"]
[PlyCount "113"]
[EventDate "2010.05.09"]
[EventType "swiss"]
[EventCountry "CZE"]

1. Nf3 Nf6 2. c4 e6 3. g3 b6 4. Bg2 Bb7 5. O-O c5 6. b3 d6 7. Bb2 Nbd7 8. Nc3
Be7 9. e3 O-O 10. d4 Ne4 11. Qe2 Ndf6 12. Rfd1 Nxc3 13. Bxc3 Qc7 14. Rac1 Rac8
15. Nd2 Bxg2 16. Kxg2 Rfd8 17. Qf3 a6 18. d5 e5 19. e4 b5 20. Nf1 Ne8 21. h4 g6
22. Ne3 h5 23. Qe2 b4 24. Bb2 Bf6 25. Rf1 Qe7 26. g4 hxg4 27. h5 Bg5 28. hxg6
fxg6 29. Nxg4 Nf6 30. f4 exf4 31. Rce1 Rf8 32. e5 dxe5 33. Qxe5 Qxe5 34. Nxe5
Kg7 35. Ng4 Kg8 36. Bxf6 Bxf6 37. Re6 Kg7 38. Rxf4 Bg5 39. Rxf8 Rxf8 40. Rxa6
Rf4 41. Ra7+ Kg8 42. Ne5 Bf6 43. Nd3 Rd4 44. Nxc5 Rd2+ 45. Kf3 Bd4 46. Ra8+ Kf7
47. Ne6 Be5 48. Ng5+ Kg7 49. Ra7+ Kg8 50. Ke4 Re2+ 51. Kd3 Rg2 52. Nf7 Bf4 53.
Ke4 Bg3 54. Kf3 Rg1 55. d6 Bh4 56. Ne5 Bf6 57. d7 1-0

[Event "Ostravsky konik 2010 MCR Open"]
[Site "Ostrava"]
[Date "2010.05.03"]
[Round "3.13"]
[White "Vokac, Marek"]
[Black "Zwardon, Vojtech"]
[Result "1-0"]
[WhiteElo "2454"]
[BlackElo "2205"]
[Annotator "www.nss.cz"]
[PlyCount "77"]
[EventDate "2010.05.09"]
[EventType "swiss"]
[EventCountry "CZE"]

1. Nf3 f5 2. d4 Nf6 3. g3 g6 4. Bg2 Bg7 5. O-O O-O 6. c3 c6 7. Nbd2 Na6 8. Re1
d5 9. Ne5 Ne4 10. Nd3 Qb6 11. Qb3 Nc7 12. f3 Nd6 13. e4 Kh8 14. exd5 Nxd5 15.
Nc4 Qc7 16. Nce5 a5 17. a4 Be6 18. Nxg6+ hxg6 19. Rxe6 Bf6 20. Nf4 Nxf4 21.
Bxf4 c5 22. Be5 Bxe5 23. dxe5 c4 24. Qc2 Nf7 25. f4 Kg7 26. Qf2 Ra6 27. Rxa6
bxa6 28. Rd1 Rb8 29. Rd4 Nd8 30. Bd5 Qd7 31. Bxc4 Qxa4 32. Bf1 Qa1 33. Rd7 Nc6
34. Qc5 Rc8 35. Qb6 Qe1 36. Qf2 Qc1 37. Qd2 Qb1 38. Rb7 Kh6 39. Qd7 1-0

[Event "Ostravsky konik 2010 MCR Open"]
[Site "Ostrava"]
[Date "2010.05.03"]
[Round "3.15"]
[White "Danes, Jaroslav"]
[Black "Meduna, Eduard"]
[Result "1/2-1/2"]
[WhiteElo "2261"]
[BlackElo "2443"]
[Annotator "www.nss.cz"]
[PlyCount "132"]
[EventDate "2010.05.09"]
[EventType "swiss"]
[EventCountry "CZE"]

1. e4 c6 2. d4 d5 3. Nc3 dxe4 4. Nxe4 Nd7 5. Ng5 Ngf6 6. Bd3 e6 7. N1f3 Bd6 8.
Qe2 h6 9. Ne4 Nxe4 10. Qxe4 Nf6 11. Qe2 Qc7 12. Bd2 b6 13. O-O-O Bb7 14. Kb1
O-O-O 15. c4 Kb8 16. Bc3 c5 17. Rhe1 cxd4 18. Nxd4 a6 19. Nf3 Ka7 20. g3 Rhe8
21. Ne5 Ne4 22. Nc6+ Bxc6 23. Bxe4 Bf8 24. Qf3 Bxe4+ 25. Qxe4 Rd7 26. Rxd7 Qxd7
27. Qd4 Qxd4 28. Bxd4 Rd8 29. Be3 Kb7 30. Kc2 b5 31. cxb5 axb5 32. a3 h5 33. h3
Kc6 34. b4 Be7 35. Rc1 Kb7 36. Kb3 f5 37. Rc3 g5 38. a4 bxa4+ 39. Kxa4 e5 40.
Bc5 Bf6 41. Kb5 Ra8 42. Rd3 Kc7 43. Bb6+ Kc8 44. Rd6 Be7 45. Re6 Kd7 46. Rxe5
Rb8 47. Rd5+ Ke6 48. Rd4 Bd6 49. Ka6 Rc8 50. b5 Rc2 51. Ra4 f4 52. gxf4 gxf4
53. Bd4 Kd5 54. b6 Rd2 55. Bc3 Rxf2 56. b7 Bc7 57. Ba5 Bb8 58. Bb6 Re2 59. Rd4+
Kc6 60. Rc4+ Kd7 61. Rc8 Be5 62. b8=Q Bxb8 63. Rxb8 Rh2 64. Rd8+ Kc6 65. Rd3
Ra2+ 66. Ba5 Rg2 1/2-1/2

[Event "Ostravsky konik 2010 MCR Open"]
[Site "Ostrava"]
[Date "2010.05.03"]
[Round "3.17"]
[White "Pisk, Petr"]
[Black "Haba, Petr"]
[Result "1/2-1/2"]
[WhiteElo "2333"]
[BlackElo "2513"]
[Annotator "www.nss.cz"]
[PlyCount "146"]
[EventDate "2010.05.09"]
[EventType "swiss"]
[EventCountry "CZE"]

1. e4 c6 2. d4 d5 3. exd5 cxd5 4. Bd3 Nc6 5. c3 Nf6 6. h3 g6 7. Bf4 Bf5 8. Nf3
Bxd3 9. Qxd3 Bg7 10. Nbd2 a6 11. O-O O-O 12. Rfe1 Nd7 13. Ne5 Ncxe5 14. dxe5
Nc5 15. Qe3 Ne6 16. Nf3 Rc8 17. Bh6 Rc4 18. Bxg7 Kxg7 19. Red1 Qa5 20. Nd2 Rcc8
21. Nb3 Qb5 22. Rd2 Rc4 23. Rad1 Rd8 24. Kh2 h5 25. Nd4 Nxd4 26. cxd4 Qd7 27.
Qg5 Rdc8 28. g4 hxg4 29. hxg4 f6 30. Qf4 g5 31. Qg3 f5 32. e6 Qxe6 33. gxf5
Rh8+ 34. Kg1 Qe4 35. f3 Qh4 36. Qg2 Rhc8 37. f4 Qxf4 38. Rf2 Qe3 39. Qxd5 Rc2
40. Qe5+ Qxe5 41. dxe5 Rxf2 42. Kxf2 Rf8 43. Ke3 Rxf5 44. Ke4 Rf4+ 45. Kd5 Kf7
46. Rh1 e6+ 47. Kd6 Rd4+ 48. Kc7 Rb4 49. Rf1+ Ke7 50. Rh1 Rxb2 51. Rh7+ Kf8 52.
Kd6 Rb6+ 53. Kd7 Rc6 54. Rh5 Kf7 55. Rxg5 Rc2 56. Rg1 Rd2+ 57. Kc7 b5 58. Rf1+
Ke7 59. Rh1 Rc2+ 60. Kb6 Rxa2 61. Rh7+ Kf8 62. Kc6 b4 63. Rb7 Ra5 64. Rxb4 Rxe5
65. Kd6 Re1 66. Rb7 a5 67. Ra7 Re4 68. Rxa5 Kf7 69. Ra1 e5 70. Kd5 Re3 71. Ra6
Re1 72. Rb6 e4 73. Kd4 e3 1/2-1/2

[Event "Ostravsky konik 2010 MCR Open"]
[Site "Ostrava"]
[Date "2010.05.03"]
[Round "3.19"]
[White "Bernasek, Jan"]
[Black "Sobek, Jaroslav"]
[Result "1-0"]
[WhiteElo "2495"]
[BlackElo "2303"]
[Annotator "www.nss.cz"]
[PlyCount "115"]
[EventDate "2010.05.09"]
[EventType "swiss"]
[EventCountry "CZE"]

1. d4 Nf6 2. c4 g6 3. Nc3 Bg7 4. e4 d6 5. Nge2 O-O 6. Ng3 c5 7. d5 a6 8. Be2 e6
9. O-O exd5 10. exd5 Nbd7 11. h3 Rb8 12. Bf4 Ne5 13. Qd2 Ne8 14. a3 f5 15. b4
b6 16. Rab1 Bd7 17. Rfc1 Nf7 18. Be3 Nf6 19. f4 Qc7 20. Nf1 Rfe8 21. Bf2 Bh6
22. Bf3 Ne5 23. Be2 Nf7 24. g3 Ne4 25. Nxe4 Rxe4 26. Bd3 Ree8 27. Nh2 Bg7 28.
Nf3 a5 29. bxa5 bxa5 30. Be1 a4 31. Qc2 Rxb1 32. Rxb1 Rb8 33. Kf2 Bf6 34. Bc3
Bxc3 35. Qxc3 g5 36. Bc2 Rxb1 37. Bxb1 Qd8 38. Bc2 gxf4 39. gxf4 Nh8 40. Kg3
Ng6 41. h4 Nf8 42. h5 Qe7 43. Nh4 Qe2 44. Nxf5 Bxf5 45. Bxf5 Qxh5 46. Qf6 Qd1
47. Be6+ Nxe6 48. Qxe6+ Kg7 49. Qe7+ Kg8 50. Qxd6 Qd3+ 51. Kg4 Qxc4 52. Qe6+
Kg7 53. Kg5 Qd4 54. Qd7+ Kg8 55. Qe8+ Kg7 56. Qe7+ Kg8 57. d6 Qd5+ 58. Kf6 1-0

[Event "Ostravsky konik 2010 MCR Open"]
[Site "Ostrava"]
[Date "2010.05.03"]
[Round "3.21"]
[White "Kulhanek, Tomas"]
[Black "Vrana, Frantisek"]
[Result "0-1"]
[WhiteElo "2428"]
[BlackElo "2287"]
[Annotator "www.nss.cz"]
[PlyCount "98"]
[EventDate "2010.05.09"]
[EventType "swiss"]
[EventCountry "CZE"]

1. e4 g6 2. d4 c6 3. Nc3 d5 4. h3 Bg7 5. Nf3 Nf6 6. e5 Ne4 7. Nxe4 dxe4 8. Ng5
c5 9. Bc4 Qxd4 10. Bxf7+ Kf8 11. Qe2 Nc6 12. f4 exf3 13. Nxf3 Qd8 14. Qc4 Bf5
15. g4 Bxc2 16. Qxc2 Kxf7 17. Ng5+ Ke8 18. Ne6 Nd4 19. Nxg7+ Kf7 20. O-O+ Kxg7
21. Qe4 Qc7 22. Bf4 Rhf8 23. Qe3 Kg8 24. Bh6 Rxf1+ 25. Rxf1 Ne6 26. h4 c4 27.
h5 Qc5 28. Kg2 Qxe3 29. Bxe3 b5 30. Rd1 Rd8 31. Rxd8+ Nxd8 32. hxg6 hxg6 33.
Bxa7 Nc6 34. Bc5 Kf7 35. Kg3 Nxe5 36. Bd4 Nc6 37. Bc5 Ke6 38. Kf4 Kd5 39. Bb6
Ne5 40. Kg5 Ke4 41. Bc5 e6 42. Bb4 Kf3 43. Kf6 Nd3 44. Ba5 Kxg4 45. Kxe6 Nxb2
46. Kd5 Na4 47. a3 c3 48. Kc6 c2 49. Bd2 Nc3 0-1

[Event "Ostravsky konik 2010 MCR Open"]
[Site "Ostrava"]
[Date "2010.05.03"]
[Round "3.22"]
[White "Blatny, Pavel"]
[Black "Novotny, Michal"]
[Result "1-0"]
[WhiteElo "2409"]
[BlackElo "2250"]
[Annotator "www.nss.cz"]
[PlyCount "73"]
[EventDate "2010.05.09"]
[EventType "swiss"]
[EventCountry "CZE"]

1. d4 g6 2. Nf3 Bg7 3. Bf4 c5 4. e3 cxd4 5. exd4 Qb6 6. Nbd2 d5 7. Nb3 Nc6 8.
a4 Nf6 9. a5 Qd8 10. a6 O-O 11. axb7 Bxb7 12. Nc5 Bc8 13. c3 Nh5 14. Be3 Rb8
15. b4 e5 16. b5 exd4 17. cxd4 Ne7 18. Be2 Nf5 19. Bg5 Qb6 20. Na4 Qd6 21. Nc5
Qb6 22. Rc1 Re8 23. O-O h6 24. Bd2 Nd6 25. Ne5 Bxe5 26. dxe5 Nc4 27. Nd3 Nxe5
28. Nxe5 Rxe5 29. Bc3 Rg5 30. Bd4 Qd6 31. Rc6 Qe7 32. f4 Rf5 33. Bg4 Bd7 34.
Bxf5 Bxf5 35. g4 Bd7 36. gxh5 Bxc6 37. bxc6 1-0

[Event "Ostravsky konik 2010 MCR Open"]
[Site "Ostrava"]
[Date "2010.05.03"]
[Round "3.23"]
[White "Havlikova, Kristyna"]
[Black "Cernousek, Lukas"]
[Result "1-0"]
[WhiteElo "2251"]
[BlackElo "2408"]
[Annotator "www.nss.cz"]
[PlyCount "145"]
[EventDate "2010.05.09"]
[EventType "swiss"]
[EventCountry "CZE"]

1. e4 c5 2. Nf3 d6 3. d4 Nf6 4. Nc3 cxd4 5. Nxd4 a6 6. Bc4 e6 7. Bb3 b5 8. O-O
Bb7 9. f3 Be7 10. Be3 O-O 11. a3 Nc6 12. Nxc6 Bxc6 13. Qe1 Qc7 14. Qg3 Rfb8 15.
Ne2 a5 16. Nd4 Bd7 17. c3 Qc8 18. Nc2 Be8 19. Bd4 e5 20. Be3 Bd8 21. Rfd1 Ra6
22. Kh1 Bd7 23. Qe1 Be6 24. Bxe6 fxe6 25. Bf2 Nd7 26. Rd2 Rc6 27. Rad1 Be7 28.
Bh4 Bf8 29. Bf2 Rb7 30. Qf1 Nb8 31. Be3 Rc4 32. Bf2 Na6 33. Ra1 Rc6 34. Qe2 Be7
35. h3 Rbc7 36. f4 exf4 37. Nd4 Rc5 38. Nxb5 f3 39. gxf3 Rh5 40. Nxc7 Nxc7 41.
f4 Rxh3+ 42. Kg2 Rh6 43. Rh1 Rg6+ 44. Kf1 Qf8 45. Be3 d5 46. e5 Bg5 47. Qf3 Na6
48. Rf2 Be7 49. f5 exf5 50. Qxd5+ Qf7 51. Qxf7+ Kxf7 52. Rxh7 Ke6 53. Rh5 Nc5
54. Rg2 Rxg2 55. Kxg2 Nd3 56. Bg5 Kxe5 57. Rh3 Ne1+ 58. Kf1 Bxg5 59. Kxe1 Bc1
60. b4 a4 61. c4 g5 62. b5 g4 63. Rd3 Ke4 64. Rd1 Be3 65. Rd8 g3 66. Kf1 Kf3
67. Rg8 f4 68. Rg6 Ke4 69. Kg2 Bf2 70. Re6+ Kd3 71. b6 Kxc4 72. b7 Ba7 73. Ra6
1-0

[Event "Ostravsky konik 2010 MCR Open"]
[Site "Ostrava"]
[Date "2010.05.03"]
[Round "3.24"]
[White "Haba, Zdenek"]
[Black "Zpevak, Pavel"]
[Result "0-1"]
[WhiteElo "2233"]
[BlackElo "2401"]
[Annotator "www.nss.cz"]
[PlyCount "94"]
[EventDate "2010.05.09"]
[EventType "swiss"]
[EventCountry "CZE"]

1. d4 Nf6 2. c4 e6 3. g3 c5 4. Nf3 a6 5. Bg2 cxd4 6. Nxd4 Qc7 7. b3 Bb4+ 8. Bd2
Bc5 9. Nc2 d5 10. cxd5 Nxd5 11. O-O O-O 12. e4 Nf6 13. Nc3 Nc6 14. Rc1 h6 15.
Na4 Ba7 16. Nb4 Bd7 17. Qe1 Qe5 18. Nd3 Qh5 19. Nac5 e5 20. Nxd7 Nxd7 21. Qd1
Qg6 22. Nb4 Ne7 23. Rc7 Qd6 24. Rc2 Bc5 25. Nd5 Nxd5 26. exd5 f5 27. Qh5 Rad8
28. Rd1 Rf6 29. Bc3 Rc8 30. Qe2 f4 31. Be1 Rcf8 32. gxf4 Rxf4 33. Qh5 Nf6 34.
Qh3 Ng4 35. Kh1 e4 36. Qc3 Bxf2 37. Qc7 Qg6 38. Rc3 Ne3 39. Rxe3 Bxe3 40. Bg3
Qh5 41. Re1 Bd2 42. Rg1 Rg4 43. Qd6 Rg6 44. Qe5 Qxe5 45. Bxe5 e3 46. d6 e2 47.
Bd5+ Kh8 0-1

[Event "Ostravsky konik 2010 MCR Open"]
[Site "Ostrava"]
[Date "2010.05.03"]
[Round "3.25"]
[White "Sikora Lerch, Jan"]
[Black "Lechtynsky, Jiri"]
[Result "1/2-1/2"]
[WhiteElo "2205"]
[BlackElo "2396"]
[Annotator "www.nss.cz"]
[PlyCount "42"]
[EventDate "2010.05.09"]
[EventType "swiss"]
[EventCountry "CZE"]

1. c4 Nf6 2. g3 e6 3. Bg2 d5 4. Nf3 dxc4 5. Qc2 Nc6 6. Qxc4 Bd7 7. O-O Na5 8.
Qc3 c5 9. Ne5 Rc8 10. Nxd7 Nxd7 11. d3 Nc6 12. Na3 a6 13. Be3 b5 14. Nc2 Nf6
15. a4 Nd5 16. Bxd5 Qxd5 17. axb5 axb5 18. Bd2 b4 19. Qc4 Qxc4 20. dxc4 Be7 21.
Ra6 O-O 1/2-1/2

[Event "Ostravsky konik 2010 MCR Open"]
[Site "Ostrava"]
[Date "2010.05.03"]
[Round "3.27"]
[White "Vyskocil, Neklan"]
[Black "Nemcova, Katerina"]
[Result "1/2-1/2"]
[WhiteElo "2390"]
[BlackElo "2247"]
[Annotator "www.nss.cz"]
[PlyCount "81"]
[EventDate "2010.05.09"]
[EventType "swiss"]
[EventCountry "CZE"]

1. d4 Nf6 2. Nf3 d5 3. c4 c6 4. cxd5 cxd5 5. Nc3 Nc6 6. Bf4 a6 7. Rc1 e6 8. e3
Be7 9. h3 O-O 10. Bd3 Bd7 11. O-O Rc8 12. Ne5 h6 13. Bb1 b5 14. Qd3 Nb4 15. Qe2
Nc6 16. a3 b4 17. Nxc6 Rxc6 18. axb4 Bxb4 19. Be5 Qe7 20. Nxd5 exd5 21. Rxc6
Bxc6 22. Qc2 Bb5 23. Bxf6 Qe4 24. Qb3 Qe6 25. Rc1 Rc8 26. Rxc8+ Qxc8 27. Qxb4
Qc1+ 28. Kh2 Qxb1 29. Be5 Qc2 30. Bg3 Qe4 31. Qc3 Qe6 32. Qc7 Qd7 33. Qf4 Qe6
34. f3 Bd3 35. Qb8+ Kh7 36. Bf2 Bb5 37. Qc7 Qg6 38. Qc1 Qf5 39. Qc5 Qe6 40.
Qc2+ Qg6 41. Qxg6+ 1/2-1/2

[Event "Ostravsky konik 2010 MCR Open"]
[Site "Ostrava"]
[Date "2010.05.03"]
[Round "3.28"]
[White "Nun, Jiri"]
[Black "Sikora, Jan"]
[Result "0-1"]
[WhiteElo "2361"]
[BlackElo "2238"]
[Annotator "www.nss.cz"]
[PlyCount "56"]
[EventDate "2010.05.09"]
[EventType "swiss"]
[EventCountry "CZE"]

1. e4 c5 2. Nf3 Nf6 3. e5 Nd5 4. b3 Nc6 5. Bb2 d6 6. Bb5 Bg4 7. h3 Bxf3 8.
Bxc6+ bxc6 9. Qxf3 dxe5 10. O-O f6 11. d3 e6 12. Qh5+ g6 13. Qg4 Kf7 14. Nd2
Nf4 15. Nc4 h5 16. Qd1 g5 17. Re1 Rg8 18. Re4 Bd6 19. Bc1 g4 20. hxg4 hxg4 21.
g3 Nh3+ 22. Kg2 f5 23. Re1 Bc7 24. f3 Qd5 25. Rf1 f4 26. Nd2 gxf3+ 27. Rxf3
Rxg3+ 28. Kh2 Rh8 0-1

[Event "Ostravsky konik 2010 MCR Open"]
[Site "Ostrava"]
[Date "2010.05.03"]
[Round "3.29"]
[White "Olsarova, Karolina"]
[Black "Nedela, Vlastimil"]
[Result "0-1"]
[WhiteElo "2191"]
[BlackElo "2347"]
[Annotator "www.nss.cz"]
[PlyCount "102"]
[EventDate "2010.05.09"]
[EventType "swiss"]
[EventCountry "CZE"]

1. e4 e6 2. d4 b6 3. Bd3 Bb7 4. Nc3 Bb4 5. Nge2 d5 6. exd5 Qxd5 7. f3 Qd7 8. a3
Be7 9. Be3 Nf6 10. Bf2 O-O 11. Ne4 Nc6 12. c3 Rad8 13. Nxf6+ Bxf6 14. Ng3 e5
15. dxe5 Nxe5 16. Be2 Qe6 17. Qc2 Bxf3 18. O-O Bd5 19. Rae1 Qc6 20. Bd4 Nf3+
21. Bxf3 Bxd4+ 22. Kh1 Bc5 23. Nf5 Rfe8 24. Bxd5 Qxd5 25. Rxe8+ Rxe8 26. Qa4
Re4 27. Qd1 Qxd1 28. Rxd1 g6 29. Ng3 Re3 30. Nf1 Re2 31. Nd2 Kg7 32. a4 h5 33.
h3 g5 34. Nc4 g4 35. hxg4 hxg4 36. Rd5 Kf6 37. g3 c6 38. Rd7 b5 39. axb5 cxb5
40. Nd2 Ke6 41. Rd8 Be7 42. Rd3 Bg5 43. Nb3 Rxb2 44. Nc5+ Kf5 45. Rd7 f6 46.
Rxa7 Be3 47. Rc7 Bxc5 48. Rxc5+ Ke4 49. Kg1 f5 50. Kf1 f4 51. gxf4 Kf3 0-1

[Event "Ostravsky konik 2010 MCR Open"]
[Site "Ostrava"]
[Date "2010.05.03"]
[Round "3.30"]
[White "Rosko, Lubos"]
[Black "Cizinsky, Petr"]
[Result "1/2-1/2"]
[WhiteElo "2345"]
[BlackElo "2124"]
[Annotator "www.nss.cz"]
[PlyCount "79"]
[EventDate "2010.05.09"]
[EventType "swiss"]
[EventCountry "CZE"]

1. d4 d5 2. c4 e6 3. Nc3 Nf6 4. Bg5 Nbd7 5. e3 Be7 6. cxd5 exd5 7. Bd3 O-O 8.
Qc2 c6 9. Nge2 Re8 10. h3 Ne4 11. Bxe4 dxe4 12. Bf4 Nf6 13. O-O-O Qa5 14. Kb1
Be6 15. Nc1 Nd5 16. Nb3 Qa6 17. Nxd5 Bxd5 18. h4 Qa4 19. Nc1 Qxc2+ 20. Kxc2 a5
21. Bg5 f6 22. Bf4 a4 23. g4 g5 24. Bc7 Rec8 25. Bh2 c5 26. Kb1 a3 27. dxc5
Rxc5 28. Nb3 Rb5 29. Rd2 axb2 30. Rhd1 Be6 31. Bd6 Bxb3 32. axb3 Bxd6 33. Rxd6
Rxb3 34. Rd8+ Rxd8 35. Rxd8+ Kf7 36. hxg5 fxg5 37. Rd4 Ke6 38. Rxe4+ Kd5 39.
Re7 h6 40. Rh7 1/2-1/2

[Event "Ostravsky konik 2010 MCR Open"]
[Site "Ostrava"]
[Date "2010.05.03"]
[Round "3.33"]
[White "Olsar, Jaroslav"]
[Black "Malik, Jan"]
[Result "0-1"]
[WhiteElo "2317"]
[BlackElo "2232"]
[Annotator "www.nss.cz"]
[PlyCount "80"]
[EventDate "2010.05.09"]
[EventType "swiss"]
[EventCountry "CZE"]

1. e4 c5 2. Nf3 d6 3. d4 cxd4 4. Nxd4 Nf6 5. Nc3 a6 6. f4 Nbd7 7. Nf3 Qc7 8.
Bd3 e5 9. O-O Be7 10. Kh1 b5 11. Qe1 Bb7 12. a3 O-O 13. Nh4 g6 14. fxe5 Nxe5
15. Nf3 Nxf3 16. Rxf3 d5 17. Bf4 Qd7 18. e5 Nh5 19. Bh6 Rfe8 20. Qf2 Bf8 21.
Bxf8 Rxf8 22. Qd4 Rad8 23. Re1 Qe7 24. Ref1 Ng7 25. Qf4 Nh5 26. Qd4 Ng7 27. Qg4
Rfe8 28. Re1 Ne6 29. Nb1 Qg5 30. Qxg5 Nxg5 31. Nd2 Re7 32. h4 Ne6 33. Nb3 Rde8
34. Kg1 Nd8 35. Rfe3 Nc6 36. Nc5 Bc8 37. a4 bxa4 38. Nxa6 Nxe5 39. Kf1 Kf8 40.
Nc5 Bg4 0-1

[Event "Ostravsky konik 2010 MCR Open"]
[Site "Ostrava"]
[Date "2010.05.03"]
[Round "3.34"]
[White "Kratochvil, Josef"]
[Black "Krajina, Ales"]
[Result "1/2-1/2"]
[WhiteElo "2307"]
[BlackElo "2195"]
[Annotator "www.nss.cz"]
[PlyCount "93"]
[EventDate "2010.05.09"]
[EventType "swiss"]
[EventCountry "CZE"]

1. e4 e5 2. Nf3 Nf6 3. Nxe5 d6 4. Nf3 Nxe4 5. d4 d5 6. Bd3 Be7 7. O-O O-O 8. c4
Nf6 9. Nc3 Nc6 10. Re1 Nb4 11. cxd5 Nfxd5 12. Bb1 Nxc3 13. bxc3 Nd5 14. Qd3 g6
15. Bh6 Re8 16. Ne5 Bd6 17. Qf3 Bxe5 18. dxe5 Qh4 19. Bd2 c6 20. Re4 Qe7 21.
Qg3 Bf5 22. Re1 Bxb1 23. Raxb1 b5 24. h4 Qe6 25. Bg5 Qf5 26. Rbc1 Re6 27. c4
bxc4 28. Rxc4 f6 29. Bxf6 Nxf6 30. Qc3 Nd5 31. g4 Qf7 32. f4 Rae8 33. Qg3 Kh8
34. h5 Ne7 35. Kg2 Rxe5 36. Rxe5 Qxc4 37. hxg6 Qc2+ 38. Kh3 Qxg6 39. Qe3 Qf7
40. Qxa7 Kg8 41. Qd7 Kf8 42. Qd6 Qxa2 43. f5 Qb3+ 44. Kh4 Qb8 45. Qh6+ Kg8 46.
Qe6+ Kf8 47. Qh6+ 1/2-1/2

[Event "Ostravsky konik 2010 MCR Open"]
[Site "Ostrava"]
[Date "2010.05.03"]
[Round "3.35"]
[White "Vaculik, Martin"]
[Black "Pertlova, Sona"]
[Result "1-0"]
[WhiteElo "2298"]
[BlackElo "2201"]
[Annotator "www.nss.cz"]
[PlyCount "43"]
[EventDate "2010.05.09"]
[EventType "swiss"]
[EventCountry "CZE"]

1. e4 d5 2. exd5 Nf6 3. d4 Nxd5 4. Nf3 Bg4 5. c4 Nb6 6. c5 N6d7 7. Bc4 e6 8.
Nc3 Nc6 9. Be3 Be7 10. h3 Bxf3 11. Qxf3 O-O 12. O-O e5 13. dxe5 Nxc5 14. Qg3
Bh4 15. Qh2 Ne6 16. Rad1 Qc8 17. f4 Rd8 18. f5 Ned4 19. Qf4 Nc2 20. Bc5 b6 21.
Bxf7+ Kxf7 22. Qc4+ 1-0